|
|
|
|
| LEADER |
00785cam a2200205 7i4500 |
| 001 |
0000048171 |
| 005 |
20141031090000.0 |
| 020 |
|
|
|a 1868420124
|
| 090 |
0 |
0 |
|a DT1927
|b .S89 1993
|
| 100 |
1 |
|
|a Suzman, Helen
|
| 245 |
1 |
0 |
|a In no uncertain terms
|c Helen Suzman.
|
| 260 |
|
|
|a Johannesburg:
|b Jonathan Ball Publishing,
|c 1993.
|
| 300 |
|
|
|a ix, 310 p., [24] p. of plates:
|b ill., map;
|c 25 cm.
|
| 500 |
|
|
|a Gift: Zainol Ahmad Resource Center
|
| 504 |
|
|
|a Includes bibliographical references and index
|
| 650 |
0 |
0 |
|a Legislators --
|x Biography --
|z South Africa
|
| 650 |
0 |
0 |
|a Apartheid --
|z South Africa
|
| 651 |
|
0 |
|a South Africa --
|x Politics and government --
|y 1948-
|
| 997 |
|
|
|a AIDCOMM - Communication and Media, Faculty
|
| 999 |
|
|
|a ZARC002426
|b BOK
|c OPEN SHELF
|e Zainol Ahmad Resource Center
|